Le Barbier de Séville ou La Précaution inutile (Record no. 172024)
[ view plain ]
| 000 -LEADER | |
|---|---|
| campo de control de longitud fija | 00870nam a2200217 i 4500 |
| 001 - NÚMERO DE CONTROL | |
| campo de control | 172024 |
| 003 - IDENTIFICADOR DE NÚMERO DE CONTROL | |
| campo de control | ES-MaACL |
| 005 - FECHA Y HORA DE LA ÚLTIMA TRANSACCIÓN | |
| campo de control | 20260429201017.0 |
| 008 - DATOS DE LONGITUD FIJA--INFORMACIÓN GENERAL | |
| campo de control de longitud fija | 090610s1971 fr |||| | fre d |
| 080 ## - NÚMERO DE LA CLASIFICACIÓN DECIMAL UNIVERSAL | |
| Número de la Clasificación Decimal Universal | 782.1 |
| 100 1# - ENTRADA PRINCIPAL--NOMBRE DE PERSONA | |
| Nombre de persona | Castil-Blaze. |
| 9 (RLIN) | 140627 |
| 245 13 - MENCIÓN DEL TÍTULO | |
| Título | Le Barbier de Séville ou La Précaution inutile |
| Resto del título | : opéra comique en quatre actes, d'après Beaumarchais et le drame italien / |
| Mención de responsabilidad, etc. | paroles ajustées sur la musique de Rossini [par Castil Blaze]. |
| 246 10 - FORMA VARIANTE DEL TITULO | |
| Título propio/Titulo breve | Précaution inutile |
| 260 ## - PUBLICACIÓN, DISTRIBUCIÓN, ETC. | |
| Lugar de publicación, distribución, etc. | Paris : |
| Nombre del editor, distribuidor, etc. | Librairie Théâtrale, |
| Fecha de publicación, distribución, etc. | 1971. |
| 300 ## - DESCRIPCIÓN FÍSICA | |
| Extensión | 103 p. ; |
| Dimensiones | 18 cm. |
| 650 #4 - PUNTO DE ACCESO ADICIONAL DE MATERIA--TÉRMINO DE MATERIA | |
| Término de materia o nombre geográfico como elemento de entrada | Óperas- |
| Subdivisión de forma | Libretos. |
| 9 (RLIN) | 137584 |
| 700 1# - ENTRADA AGREGADA--NOMBRE PERSONAL | |
| Nombre de persona | Rossini, Gioachino, |
| Fechas asociadas al nombre | 1792-1868 |
| 9 (RLIN) | 240542 |
| 700 ## - ENTRADA AGREGADA--NOMBRE PERSONAL | |
| Nombre de persona | Beaumarchais, Pierre Augustin Caron de, |
| Fechas asociadas al nombre | 1732-1799 |
| 9 (RLIN) | 239070 |
| 852 4# - LOCALIZACIÓN | |
| Ubicación | ES-MaACL |
| Número de control de estantería | E-12699 |
| itemnumber | R-140262 |
| Nota libre | . - Biblioteca Jacinto Martínez Lacalle |
| Estatus retirado | Estado de pérdida | Estado de daño | No para préstamo | Biblioteca de origen | Biblioteca actual | Ubicación en estantería | Fecha de adquisición | Fuente de adquisición | Total de préstamos | Signatura topográfica completa | Código de barras | Visto por última vez | Precio de reemplazo | Tipo de ítem Koha |
|---|---|---|---|---|---|---|---|---|---|---|---|---|---|---|
| Biblioteca del Ateneo de Madrid | Biblioteca del Ateneo de Madrid | Depósito 2 | 10/06/2009 | E-12699 | 1180529 | 23/02/2023 | 23/02/2023 | Libro impreso |
